| 000 | 00494nam a2200181Ia 4500 | ||
|---|---|---|---|
| 001 | 4289 | ||
| 005 | 20260306145745.0 | ||
| 008 | 260306t2016||||xx |||||||||||||| ||spa|| | ||
| 041 | _aESP | ||
| 082 |
_a320.3 _bS26 2016 |
||
| 100 |
_aSartori, Giovanni _eAUT |
||
| 245 | 0 |
_aIngeniería constitucional comparada: _buna investigación de estructuras, incentivos y resultados |
|
| 260 | _c2016 | ||
| 300 |
_a263 páginas : _c21 cm. |
||
| 650 | _aGEN | ||
| 654 | _aCDE | ||
| 942 |
_cLIB _dJUS _fJUS _2ddc _n |
||
| 999 |
_c4289 _d4289 |
||